[Event "I Weekend A"]
[Site "Ceriano Laghetto ITA"]
[Date "1992.02.01"]
[Round "1"]
[White "Saccani, Ettore"]
[Black "Ferraris, Fulvio"]
[Result "1/2-1/2"]
[WhiteElo "1576"]
[BlackElo "1603"]
[PlyCount "56"]
[EventDate "1992.02.01"]

1. e4 e6 2. d4 d5 3. Nc3 c5 4. exd5 cxd4 5. Qxd4 Nc6 6. Bb5 a6 7. Bxc6+ bxc6 8.
Nf3 cxd5 9. O-O Ne7 10. Re1 Bb7 11. Ne5 Rc8 12. Qa4+ Nc6 13. Bg5 Qd6 14. Nxc6
Qxc6 15. Qxc6+ Bxc6 16. Rad1 Bb4 17. Re3 d4 18. Rxd4 Bc5 19. Ne4 Bxe4 20. Rc3
Bd5 21. b4 O-O 22. bxc5 Rb8 23. h3 Rfc8 24. Ra4 Rc6 25. Be3 Rb2 26. Rca3 Rxc2
27. Rxa6 Rxa6 28. Rxa6 Rxa2 1/2-1/2

[Event "I Weekend A"]
[Site "Ceriano Laghetto ITA"]
[Date "1992.02.01"]
[Round "2"]
[White "Squillante, Michele"]
[Black "Saccani, Ettore"]
[Result "1/2-1/2"]
[WhiteElo "1609"]
[BlackElo "1576"]
[PlyCount "67"]
[EventDate "1992.02.01"]

1. e4 e6 2. d4 d5 3. Nd2 Nf6 4. e5 Nfd7 5. Bd3 c5 6. c3 Nc6 7. Ne2 cxd4 8. cxd4
Qb6 9. Nf3 Be7 10. O-O f6 11. exf6 Nxf6 12. a3 Bd7 13. Re1 O-O 14. Rb1 Qc7 15.
Nf4 Ng4 16. Nxe6 Bxe6 17. Rxe6 Rxf3 18. g3 Raf8 19. Be3 Nxe3 20. Rxe3 Rxf2 21.
Qh5 h6 22. Qxd5+ Kh8 23. Re6 Bg5 24. Qe4 g6 25. Re8 Qg7 26. Rxf8+ Rxf8 27. Rf1
Rxf1+ 28. Kxf1 Nxd4 29. h4 Nf5 30. Qe8+ Kh7 31. Bxf5 gxf5 32. hxg5 hxg5 33.
Qh5+ Qh6 34. Qf7+ 1/2-1/2

[Event "I Weekend A"]
[Site "Ceriano Laghetto ITA"]
[Date "1992.02.02"]
[Round "3"]
[White "Saccani, Ettore"]
[Black "Mazzella, Luigi"]
[Result "0-1"]
[WhiteElo "1576"]
[BlackElo "1567"]
[PlyCount "56"]
[EventDate "1992.02.01"]

1. e4 c6 2. d4 d5 3. Nc3 dxe4 4. Nxe4 Bf5 5. Ng3 Bg6 6. Nf3 Nd7 7. Bc4 e6 8.
O-O Qc7 9. Re1 O-O-O 10. c3 Ngf6 11. a4 Bd6 12. Bd3 Bxg3 13. fxg3 Nh5 14. Ne5
Nxe5 15. Rxe5 Bxd3 16. Rxh5 Bg6 17. Rh4 Rd5 18. Rf4 Rhd8 19. Be3 c5 20. Rc1 c4
21. b3 e5 22. Qg4+ f5 23. Rxf5 Bxf5 24. Qxf5+ Qd7 25. Qxh7 cxb3 26. c4 Rxd4 27.
Bxd4 Qxd4+ 28. Kf1 Rf8+ 0-1

[Event "I Weekend A"]
[Site "Ceriano Laghetto ITA"]
[Date "1992.02.02"]
[Round "4"]
[White "Bianchi, Simone"]
[Black "Saccani, Ettore"]
[Result "1/2-1/2"]
[WhiteElo "1510"]
[BlackElo "1576"]
[PlyCount "40"]
[EventDate "1992.02.01"]

1. e4 e6 2. d4 d5 3. exd5 exd5 4. Bd3 Nf6 5. Nf3 Bg4 6. Bf4 Qe7+ 7. Be5 Nbd7 8.
O-O Nxe5 9. dxe5 Nd7 10. Re1 O-O-O 11. Nbd2 Re8 12. Qe2 Qb4 13. c4 Rxe5 14. Qd1
dxc4 15. Bf5 Bxf5 16. Nxe5 Nxe5 17. Rxe5 Be6 18. Qe2 Bd6 19. Re4 Rd8 20. Nxc4
Bxc4 1/2-1/2

[Event "I Weekend A"]
[Site "Ceriano Laghetto ITA"]
[Date "1992.02.08"]
[Round "5"]
[White "Saccani, Ettore"]
[Black "Lombardo, Evangelista"]
[Result "0-1"]
[WhiteElo "1576"]
[BlackElo "1600"]
[PlyCount "24"]
[EventDate "1992.02.01"]

1. e4 c5 2. Nf3 d6 3. d4 cxd4 4. Nxd4 Nf6 5. Nc3 a6 6. Bd3 g6 7. Be3 Bg7 8. Qd2
Ng4 9. Bg5 Bxd4 10. Bb5+ axb5 11. Qxd4 f6 12. O-O e5 0-1

[Event "I Weekend A"]
[Site "Ceriano Laghetto ITA"]
[Date "1992.02.08"]
[Round "6"]
[White "Ronconi, Fausto"]
[Black "Saccani, Ettore"]
[Result "1/2-1/2"]
[WhiteElo "1546"]
[BlackElo "1576"]
[PlyCount "41"]
[EventDate "1992.02.01"]

1. d4 e6 2. c4 Nf6 3. Nc3 c5 4. d5 exd5 5. cxd5 d6 6. e4 g6 7. Nf3 Bg7 8. Be2
O-O 9. O-O Re8 10. Nd2 Nbd7 11. Bb5 a6 12. Ba4 b5 13. Bc2 Nb6 14. Nf3 Ra7 15.
Bf4 Bg4 16. h3 Bxf3 17. Qxf3 Nc4 18. Rab1 Rae7 19. Rfe1 Nb6 20. Bg5 Rxe4 21.
Bf4 1/2-1/2

[Event "I Weekend A"]
[Site "Ceriano Laghetto ITA"]
[Date "1992.02.09"]
[Round "7"]
[White "Saccani, Ettore"]
[Black "Cartella, Giovanni"]
[Result "1-0"]
[WhiteElo "1576"]
[BlackElo "1543"]
[PlyCount "103"]
[EventDate "1992.02.01"]

1. e4 c5 2. Nf3 d6 3. d4 cxd4 4. Nxd4 Nf6 5. Nc3 a6 6. Bd3 Nc6 7. Nb3 e6 8. Bg5
Be7 9. Qd2 b5 10. a3 Bb7 11. h4 h6 12. Bf4 Nh5 13. O-O-O Bxh4 14. Bxd6 Bg5 15.
f4 Qxd6 16. fxg5 Nf4 17. Qf2 Nxd3+ 18. Rxd3 Qe7 19. gxh6 Rxh6 20. Rxh6 Qg5+ 21.
Kb1 gxh6 22. Rg3 Qe7 23. Rg8+ Kd7 24. Nc5+ Kc7 25. Rxa8 Bxa8 26. Nxa6+ Kd7 27.
Nxb5 Bb7 28. Qd2+ Ke8 29. Nd6+ Kf8 30. Nxb7 Qxb7 31. Qxh6+ Kg8 32. Nc5 Qe7 33.
Nd3 Nd4 34. Qe3 Qf6 35. Qg3+ Kf8 36. Qf2 Qg7 37. e5 Nf5 38. Qf3 Kg8 39. g4 Nh6
40. Qg3 Nxg4 41. Ka2 Nh6 42. Qxg7+ Kxg7 43. b4 Kf8 44. b5 Ke8 45. a4 Ng4 46. c4
f5 47. exf6 Nxf6 48. Kb3 Kd8 49. c5 Nd7 50. Kc4 e5 51. Kd5 Kc7 52. Nxe5 1-0

[Event "I Weekend A"]
[Site "Ceriano Laghetto ITA"]
[Date "1992.02.09"]
[Round "8"]
[White "Cartella, Giovanni"]
[Black "Saccani, Ettore"]
[Result "1-0"]
[WhiteElo "1543"]
[BlackElo "1576"]
[PlyCount "115"]
[EventDate "1992.02.01"]

1. d4 e6 2. Nf3 Nf6 3. Bg5 Be7 4. e3 d5 5. Bd3 Nbd7 6. O-O c5 7. dxc5 Bxc5 8.
Nbd2 O-O 9. Nb3 Be7 10. c3 Qc7 11. Bh4 e5 12. Bf5 Nb6 13. Bxc8 Raxc8 14. Bg3
Nc4 15. Qc2 Ne4 16. Bh4 Bxh4 17. Nxh4 Qe7 18. Nf3 b5 19. Nbd2 Rfd8 20. Nxe4
dxe4 21. Qxe4 Nxb2 22. Qxe5 Qxe5 23. Nxe5 Rxc3 24. Nf3 Nd3 25. Nd4 Rd5 26. Rfd1
a5 27. Rab1 b4 28. Kf1 g6 29. Ke2 Ne5 30. Rb3 Rdc5 31. h3 R3c4 32. Rb2 a4 33.
Rbd2 Rc3 34. Rb2 R3c4 35. f4 Nd7 36. Kf3 Nf6 37. Rbd2 Nd5 38. Nf5 b3 39. axb3
axb3 40. Rxd5 gxf5 41. Rd8+ Kg7 42. Rb8 Ra5 43. Rxb3 Ra2 44. Rb5 Kg6 45. g4
fxg4+ 46. hxg4 Rcc2 47. Rg5+ Kf6 48. Rh5 Rf2+ 49. Ke4 Ra4+ 50. Rd4 Rxd4+ 51.
Kxd4 Kg6 52. Rg5+ Kf6 53. Ke4 Rc2 54. Rg8 Rc5 55. g5+ Ke7 56. Rh8 h5 57. Rxh5
Rc6 58. Rh7 1-0